Statistics for People With Geographic Names

Click here to take the quiz!

General Stats

  • This quiz has been taken 112 times
  • The average score is 8 of 17

Answer Stats

HintGeographic ClueAnswer% Correct
Hotel HeiressEuropean CapitalParis Hilton
83%
Singer/Songwriter (Rocky Mountain High)Colorado cityJohn Denver
76%
Actor (Stand By Me, My Own Private Idaho)Arizona cityRiver Phoenix
74%
American Author (The Call of the Wild)European CapitalJack London
71%
Wrestler with ring name Stone ColdTexas citySteve Austin
64%
U.S. Attorney General (1993-2001)Nevada cityJanet Reno
56%
American Songwriter (Blue Skies, White Christams)European CapitalIrving Berlin
55%
Jerry Maguire actorCaribbean CountryCuba Gooding Jr
54%
Lord of the Rings actorFlorida cityOrlando Bloom
51%
NBA Star (LA Lakers)Japanese cityKobe Bryant
47%
Ugly Betty actressContinentAmerica Ferrera
34%
Colombian Actress (Modern Family)European CapitalSofia Vergara
33%
Actress. Married to Charles BronsonEuropean CountryJill Ireland
30%
American Artist, associated with New MexicoUS State / Asian CountryGeorgia O'Keeffe
28%
Actor (A Place in the Sun, Judgement at Nuremberg)Alabama cityMontgomery Clift
22%
Singer (Midnight Blue)UK cityMelissa Manchester
21%
TV Actor (Medical Center)African Country + Washington cityChad Everett
11%

Score Distribution

Percentile by Number Answered

Percent of People with Each Score

Your Score History

You have not taken this quiz